عرض عادي
عرض مارك
- علام، رأفت
دخول Personal Name
001 - CONTROL NUMBER
- control field: 29410
003 - CONTROL NUMBER IDENTIFIER
- control field: AE-AdECS
005 - DATE AND TIME OF LATEST TRANSACTION
- control field: 20260501080455.0
008 - FIXED-LENGTH DATA ELEMENTS
- fixed length control field: 260501|| aca||aabn | a|a d
040 ## - CATALOGING SOURCE
- Original cataloging agency: AE-AdECS
- Transcribing agency: AE-AdECS
100 ## - HEADING--PERSONAL NAME
- Personal name: علام، رأفت
670 ## - SOURCE DATA FOUND
- Source citation: Work cat.: (AE-AdECS)294941: مهران، زكريا مؤلف. 28017, البنك المركزي في العصور المختلفة /
